000 00471nam a2200181Ia 4500
001 9062
005 20260306160656.0
008 260306t2013||||xx |||||||||||||| ||spa||
041 _aESP
082 _a372.48
_bC36
100 _aCatalá, Glória
_eAUT
245 0 _aEvaluación de la comprensión lectora:
_b(pruebas ACL (1.º - 6.º de primaria)
260 _c2013
300 _a221 páginas :
_c24 cm.
650 _aGEN
654 _aCED
942 _cLIB
_dJUS
_fJUS
_2ddc
_n
999 _c9062
_d9062